[Event "American Cont Blitz 2025"]
[Site "Foz do Iguacu BRA"]
[Date "2025.05.30"]
[Round "7.5"]
[White "Ynojosa Aponte, Felix Jose"]
[Black "Rojas Salas, Steven"]
[Result "1-0"]
[WhiteTitle "IM"]
[BlackTitle "IM"]
[WhiteElo "2392"]
[BlackElo "2343"]
[WhiteFideId "3900258"]
[BlackFideId "3819434"]
[EventDate "2025.05.30"]

1. e4 e5 2. Nf3 Nf6 3. Nc3 Nc6 4. Bc4 Nxe4 5. Nxe4 d5 6. Bd3 dxe4 7. Bxe4 Bd6 8.
d3 O-O 9. O-O Ne7 10. d4 exd4 11. Qxd4 Bf5 12. Bxb7 Rb8 13. Be4 Qc8 14. b3 Rd8
15. Qe3 Qe6 16. Bxf5 Qxf5 17. c4 Bc5 18. Qf4 Qc2 19. Be3 Bd6 20. Qg4 Ng6 21.
Rfc1 Qb2 22. Bd4 Qa3 23. h4 Bf8 24. h5 Ne7 25. h6 Ng6 26. hxg7 Bxg7 27. Bxg7
Kxg7 28. Re1 Rb6 29. Ng5 h6 30. Ne4 Qb2 31. Ng3 Kh7 32. Rad1 Rg8 33. Rd7 Qg7 34.
Nh5 Qf8 35. Qf5 Rg7 36. Nxg7 Kxg7 37. Rxc7 Rf6 38. Qe4 Qb4 39. Rd1 Qa5 40. Rc8
Qxa2 41. Qe3 Qa6 42. Rcd8 Nf4 43. R8d4 Ng6 44. c5 Re6 45. Qc3 Kh7 46. Rd6 1-0

[Event "American Cont Blitz 2025"]
[Site "Foz do Iguacu BRA"]
[Date "2025.05.30"]
[Round "7.6"]
[White "Garcia Pantoja, Roberto"]
[Black "Carcamo, Matias"]
[Result "1-0"]
[WhiteTitle "GM"]
[WhiteElo "2531"]
[BlackElo "2077"]
[WhiteFideId "3509265"]
[BlackFideId "115541"]
[EventDate "2025.05.30"]

1. e4 c6 2. d4 d5 3. exd5 cxd5 4. Bd3 Nc6 5. c3 Nf6 6. Nf3 Bg4 7. O-O e6 8. Nbd2
Bd6 9. Re1 Qc7 10. Nf1 O-O 11. Ng3 Rfe8 12. Bg5 Be7 13. h3 Bxf3 14. Qxf3 h6 15.
Bf4 Bd6 16. Bxh6 e5 17. Bxg7 Kxg7 18. Nf5+ Kf8 19. Qg3 Nh5 20. Qg5 Ne7 21. Qh6+
Kg8 22. Nxe7+ Rxe7 23. Qh7+ 1-0

[Event "American Cont Blitz 2025"]
[Site "Foz do Iguacu BRA"]
[Date "2025.05.30"]
[Round "7.7"]
[White "Liascovich, Lucas"]
[Black "Perez Gormaz, Matias"]
[Result "0-1"]
[WhiteTitle "IM"]
[BlackTitle "IM"]
[WhiteElo "2417"]
[BlackElo "2408"]
[WhiteFideId "108634"]
[BlackFideId "3406342"]
[EventDate "2025.05.30"]

1. d4 d5 2. Nf3 Nf6 3. e3 e6 4. c4 b6 5. Nc3 Bb7 6. Bd3 Bd6 7. O-O Nbd7 8. b3
O-O 9. Bb2 a6 10. Rc1 Ne4 11. Ne2 Qf6 12. Ng3 Rad8 13. Qc2 Qg6 14. Ne5 Bxe5 15.
dxe5 Ndc5 16. Bxe4 Nxe4 17. Nxe4 dxe4 18. c5 Bd5 19. cxb6 cxb6 20. Bd4 b5 21.
Qc7 h5 22. h3 Qf5 23. Qe7 Rfe8 24. Qa7 Ra8 25. Qc5 Reb8 26. Qd6 Rd8 27. Qb4 Rdb8
28. Rc7 a5 29. Qd2 a4 30. b4 Rc8 31. Rfc1 Bc4 32. Rxc8+ Rxc8 33. Bc5 Qg5 34. Rd1
Bd5 35. Qb2 Bc4 36. a3 Rd8 37. Rd6 Rc8 38. Qd2 Qxe5 39. Rd8+ Rxd8 40. Qxd8+ Kh7
41. Bd4 Qd5 42. Qh4 f6 43. Kh2 Qf5 44. Kg1 e5 45. Bc5 Kh6 46. Qg3 Qd7 47. h4 Qg4
48. Qxg4 hxg4 49. Kh2 Be6 50. Kg3 Bd7 51. f3 exf3 52. gxf3 Kh5 53. f4 exf4+ 54.
exf4 Bf5 55. Bf8 Kg6 56. Bc5 Kf7 57. h5 Ke6 58. Bd4 Kf7 59. Bc3 Kg8 60. Bd4 Kh7
61. Kh4 Kh6 62. Bc5 Be6 63. Bf8 Kh7 64. Be7 Bf5 65. Bd6 Bd7 66. Bc5 Kg8 67. Bd4
Kf7 68. Bc3 Kg8 69. Bd4 Kf7 70. Bc3 Bc8 71. Bd4 Ke6 72. Bc3 Kf5 73. Kg3 Bd7 74.
Bd2 Ke4 75. Bc1 Bf5 76. Bb2 Be6 77. Ba1 Kf5 78. Bb2 Bf7 79. h6 gxh6 80. Kh4 h5
81. Ba1 Kxf4 82. Bxf6 g3 83. Kh3 Kf3 84. Bd4 Be6+ 85. Kh4 Bg4 86. Bg1 g2 87. Bc5
Ke2 88. Kg3 Kf1 89. Kh2 Be6 90. Bb6 Bd5 91. Bc5 Be6 92. Bb6 h4 93. Bc5 h3 94.
Bb6 Ke2 95. Bc5 Kd3 96. Bd6 Kc4 97. Bf4 Kb3 98. Bc1 Kc2 0-1

[Event "American Cont Blitz 2025"]
[Site "Foz do Iguacu BRA"]
[Date "2025.05.30"]
[Round "7.8"]
[White "Ticona Rocabado, Licael Roderick"]
[Black "Mayta Aiza, Maveric"]
[Result "1-0"]
[WhiteTitle "IM"]
[BlackTitle "CM"]
[WhiteElo "2359"]
[BlackElo "2184"]
[WhiteFideId "3319113"]
[BlackFideId "3307336"]
[EventDate "2025.05.30"]

1. d4 Nf6 2. c4 e6 3. e3 d5 4. Nf3 Bd6 5. b3 c6 6. Bb2 Nbd7 7. Nbd2 O-O 8. Bd3
Re8 9. O-O h6 10. e4 dxe4 11. Nxe4 Nxe4 12. Bxe4 Nf6 13. Bc2 b6 14. Qd3 Bb7 15.
Rad1 Bc7 16. Rfe1 g6 17. d5 cxd5 18. Qd4 Kg7 19. cxd5 Bxd5 20. Ne5 Rc8 21. Bb1
Qe7 22. Ng4 e5 23. Nxe5 Bxe5 24. Rxe5 Qxe5 25. Qxe5 Rxe5 26. Bxe5 Re8 27. f4 Be6
28. Rc1 Rd8 29. h3 h5 30. Kf2 Rd2+ 31. Kf1 Bd5 32. g4 hxg4 33. hxg4 Rh2 34. Ke1
Rh1+ 35. Kd2 Rh2+ 36. Kc3 Rh3+ 37. Kd4 1-0

[Event "American Cont Blitz 2025"]
[Site "Foz do Iguacu BRA"]
[Date "2025.05.30"]
[Round "7.9"]
[White "Baules Rodriguez, Jorge Luis"]
[Black "Reyes Zavaleta, Fabian Ricardo"]
[Result "1/2-1/2"]
[WhiteTitle "IM"]
[BlackTitle "FM"]
[WhiteElo "2257"]
[BlackElo "2299"]
[WhiteFideId "6600247"]
[BlackFideId "3844153"]
[EventDate "2025.05.30"]

1. d4 Nf6 2. c4 g6 3. Nf3 Bg7 4. Nc3 d5 5. cxd5 Nxd5 6. e4 Nxc3 7. bxc3 c5 8.
Rb1 O-O 9. Be2 cxd4 10. cxd4 Qa5+ 11. Bd2 Qxa2 12. O-O Bg4 13. Bg5 h6 14. Be3
Nc6 15. d5 Na5 16. Rb4 b6 17. h3 Bxf3 18. Bxf3 Rac8 19. Bg4 Rc4 20. Bd2 Rd8 21.
Re1 Rc2 22. Re2 Nc4 23. Bf4 Rxe2 24. Bxe2 Na5 25. h4 Rc8 26. Ra4 Qb2 27. Be3 Rc2
28. Bd3 Rc3 29. Be2 Rc2 30. Bd3 Rc3 31. Bf1 Ra3 32. Rxa3 Qxa3 33. Qd2 Qa1 34.
Bxh6 Bxh6 35. Qxh6 Qf6 36. h5 Nb7 37. hxg6 Qxg6 1/2-1/2

[Event "American Cont Blitz 2025"]
[Site "Foz do Iguacu BRA"]
[Date "2025.05.30"]
[Round "7.10"]
[White "Becker, Rogerio Sperb"]
[Black "Lima, Stefan Moisei VIeira"]
[Result "1-0"]
[BlackTitle "FM"]
[WhiteElo "2111"]
[BlackElo "2241"]
[WhiteFideId "22767797"]
[BlackFideId "22782273"]
[EventDate "2025.05.30"]

1. c4 e5 2. g3 Nf6 3. Bg2 c6 4. d4 exd4 5. Qxd4 d5 6. Nc3 dxc4 7. Qxc4 Be6 8.
Qa4 Nbd7 9. Nf3 Bc5 10. O-O Qe7 11. Bf4 O-O 12. a3 a5 13. Rad1 Rfe8 14. Qc2 Bg4
15. Rfe1 h6 16. Na4 Ba7 17. h3 Bh5 18. Bd6 Qe6 19. Nc5 Nxc5 20. Bxc5 Bxf3 21.
exf3 Qxe1+ 22. Rxe1 Rxe1+ 23. Kh2 Bxc5 24. Qxc5 Re2 25. Qb6 Rae8 26. f4 Rc2 27.
Bf3 Ne4 28. Bxe4 Rxe4 29. Qd8+ Kh7 30. Qd3 Re2 31. Kg2 g6 32. Qb3 Re7 33. f5
gxf5 34. Qd3 Kg6 35. g4 R2e5 36. Kg3 Kf6 37. Qd2 Kg7 38. Qd4 Kh7 39. Qd3 Kg8 40.
Qd8+ Re8 41. Qf6 R8e6 42. Qd8+ Kg7 43. Qd4 Kh7 44. Qd3 a4 45. Kh4 Kg6 46. Qc2 b5
47. Qd3 Kf6 48. Qc3 fxg4 49. f4 gxf3 50. Kg3 Kg7 51. Kf4 Kf6 52. Kxf3 Kg7 53.
Kf4 f6 54. Qa5 Re4+ 55. Kf3 Re3+ 56. Kf4 R6e4+ 57. Kf5 Re5+ 58. Kf4 R3e4+ 59.
Kf3 Rc4 60. Qc7+ Kg6 61. Qc8 Rf5+ 62. Ke3 Re5+ 63. Kf3 Rg5 64. Qg8+ Kf5 65. Qc8+
Ke5 66. Qc7+ Kd5 67. Qf7+ Kc5 68. Qxf6 Rd5 69. Qe7+ Kb6 70. Qf8 Rd3+ 71. Ke2
Rxh3 72. Qb8+ Kc5 73. Qf8+ Kd5 74. Qf5+ Kd6 75. Qxh3 Rc2+ 76. Kd3 Rxb2 77. Qxh6+
Kc5 78. Qg5+ Kb6 79. Qd8+ Kb7 80. Kc3 Rb3+ 81. Kd4 Rb1 82. Kc5 Rb3 83. Qd7+ Kb8
84. Kxc6 1-0

[Event "American Cont Blitz 2025"]
[Site "Foz do Iguacu BRA"]
[Date "2025.05.30"]
[Round "7.11"]
[White "Hungaski, Robert"]
[Black "Sanhueza, Cristian"]
[Result "1-0"]
[WhiteTitle "GM"]
[BlackTitle "FM"]
[WhiteElo "2477"]
[BlackElo "2182"]
[WhiteFideId "2021030"]
[BlackFideId "116815"]
[EventDate "2025.05.30"]

1. c4 Nf6 2. Nc3 g6 3. e4 d6 4. d4 Bg7 5. f4 O-O 6. Bd3 c5 7. d5 e6 8. dxe6 Bxe6
9. f5 Bd7 10. Nf3 Nc6 1-0

[Event "American Cont Blitz 2025"]
[Site "Foz do Iguacu BRA"]
[Date "2025.05.30"]
[Round "7.12"]
[White "Giron Chavez, David Emanuel"]
[Black "Reyes Zavaleta, Cristhian Yamil"]
[Result "0-1"]
[WhiteTitle "FM"]
[WhiteElo "2108"]
[BlackElo "2073"]
[WhiteFideId "7300697"]
[BlackFideId "3844340"]
[EventDate "2025.05.30"]

1. d4 d5 2. f4 Nf6 3. Nf3 e6 4. e3 c5 5. c3 Be7 6. Bd3 O-O 7. Nbd2 b6 8. Qe2 Bb7
9. Ne5 Ne4 10. Nxe4 dxe4 11. Bc4 Qc8 12. O-O Ba6 13. Bxa6 Qxa6 14. Qc2 Qb7 15.
Bd2 f6 16. Ng4 f5 17. Ne5 Bf6 18. Qb3 Qc8 19. d5 Bxe5 20. fxe5 c4 21. Qb5 Qd7
22. Qxc4 exd5 23. Qb3 Nc6 24. c4 Nxe5 25. cxd5 Rad8 26. Bc3 Nd3 27. d6+ Kh8 28.
a4 Qxd6 29. a5 Qc5 30. Bd4 Rxd4 31. exd4 Qxd4+ 32. Kh1 Nf2+ 33. Rxf2 Qxf2 34.
axb6 Qxb6 35. Qa3 Rd8 36. h3 e3 37. Qe7 Qd6 38. Qxe3 a6 39. Qe2 h6 40. Rxa6 Qc5
41. Ra1 Qb4 42. Qc2 Qf4 43. Qc6 Kh7 44. Qc2 Rd2 45. Qc6 Rxb2 46. Rg1 Re2 47. Qd5
Qe4 48. Qd1 f4 49. Qb1 Kg6 50. Qxe4+ Rxe4 51. Ra1 Kg5 52. Kg1 Re2 53. Kf1 Rb2
54. Ra3 Kh4 55. Rf3 g5 56. Kg1 h5 57. Kh2 Rb4 58. Kg1 g4 59. hxg4 hxg4 60. Ra3
Rb2 61. Ra1 Kg3 62. Ra3+ f3 63. Ra1 Rxg2+ 0-1

[Event "American Cont Blitz 2025"]
[Site "Foz do Iguacu BRA"]
[Date "2025.05.30"]
[Round "7.13"]
[White "Molina Sumoza, Jesus Alberto"]
[Black "Muniz, Francisco Allysson da S."]
[Result "0-1"]
[WhiteTitle "CM"]
[WhiteElo "2025"]
[BlackElo "2197"]
[WhiteFideId "3901874"]
[BlackFideId "2184753"]
[EventDate "2025.05.30"]

1. e4 c5 2. Nf3 d6 3. d4 cxd4 4. Nxd4 Nf6 5. Nc3 g6 6. Be3 Bg7 7. f3 h5 8. Qd2
Bd7 9. O-O-O Nc6 10. Bc4 Ne5 11. Bb3 Rc8 12. Kb1 Nc4 13. Bxc4 Rxc4 14. Rhe1 a6
15. Nb3 b5 16. Bg5 O-O 17. e5 b4 18. exf6 exf6 19. Qxd6 fxg5 20. Ne4 Qc8 21.
Qxd7 Rxc2 22. Qxc8 Rxb2+ 23. Kc1 Rxc8+ 24. Nec5 Rxa2 25. Rd5 a5 26. Red1 Bf6 27.
R1d2 Rxd2 28. Kxd2 Bd8 29. Nb7 Bc7 30. N7xa5 Bxh2 31. Rc5 Rd8+ 32. Kc2 Bf4 33.
Nc4 Re8 34. Kd3 Re1 35. Ncd2 Rg1 36. g3 Rxg3 37. Ne4 Rxf3+ 38. Kc4 Kg7 39. Nd4
Rf1 40. Kd5 Rd1 41. Rc4 Be3 42. Rxb4 h4 43. Nc3 Rd3 44. Ne2 h3 45. Ke4 h2 46.
Rb1 Rxd4+ 47. Nxd4 Bg1 48. Ne2 h1=Q+ 0-1

[Event "American Cont Blitz 2025"]
[Site "Foz do Iguacu BRA"]
[Date "2025.05.30"]
[Round "7.14"]
[White "Pavoni, Felipe Stevanin"]
[Black "Dauer, Andre Leonardo"]
[Result "0-1"]
[BlackTitle "CM"]
[WhiteElo "1868"]
[BlackElo "2138"]
[WhiteFideId "2189097"]
[BlackFideId "2126915"]
[EventDate "2025.05.30"]

1. d4 d6 2. Bf4 Nf6 3. Nc3 Nbd7 4. e3 b6 5. Nf3 Bb7 6. Bd3 g6 7. h4 h6 8. Qe2
Bg7 9. e4 Nh5 10. Bh2 e5 11. dxe5 Nxe5 12. Nxe5 dxe5 13. O-O-O Qxh4 14. Qd2 Qe7
15. Bb5+ c6 16. Be2 Nf6 17. f3 O-O 18. Kb1 Rad8 19. Qe3 c5 20. g4 Rxd1+ 21. Nxd1
Nh7 22. Bg3 Rd8 23. Bc4 Qd6 24. Nc3 Qd2 25. Qg1 Ng5 26. Qf1 0-1

[Event "American Cont Blitz 2025"]
[Site "Foz do Iguacu BRA"]
[Date "2025.05.30"]
[Round "8.1"]
[White "Lima, Darcy"]
[Black "Fier, Alexandr"]
[Result "0-1"]
[WhiteTitle "GM"]
[BlackTitle "GM"]
[WhiteElo "2380"]
[BlackElo "2556"]
[WhiteFideId "2100045"]
[BlackFideId "2107139"]
[EventDate "2025.05.30"]

1. g3 d5 2. Bg2 c6 3. f4 Bg4 4. Nf3 Nd7 5. d3 Ngf6 6. Nc3 Bxf3 7. Bxf3 e5 8. e4
Bd6 9. exd5 cxd5 10. O-O exf4 11. Re1+ Kf8 12. gxf4 Qb8 13. Nxd5 Nxd5 14. Bxd5
Nf6 15. Qf3 Nxd5 16. Qxd5 Qc7 17. Re4 Rd8 18. Qb3 h5 19. Be3 h4 20. Bxa7 Bxf4
21. Bb6 Bxh2+ 22. Kh1 Qg3 23. Qb4+ Rd6 24. Rae1 Kg8 25. R1e2 Rg6 26. R4e3 Qg1# 0-1

[Event "American Cont Blitz 2025"]
[Site "Foz do Iguacu BRA"]
[Date "2025.05.30"]
[Round "8.2"]
[White "Martinez Alcantara, Jose Eduardo"]
[Black "Ynojosa Aponte, Felix Jose"]
[Result "1-0"]
[WhiteTitle "GM"]
[BlackTitle "IM"]
[WhiteElo "2611"]
[BlackElo "2392"]
[WhiteFideId "3805662"]
[BlackFideId "3900258"]
[EventDate "2025.05.30"]

1. e4 c5 2. Nf3 Nc6 3. c3 Nf6 4. Bd3 d5 5. e5 Ng4 6. Bb5 e6 7. d4 Bd7 8. Bxc6
Bxc6 9. O-O Qb6 10. h3 Nh6 11. Nbd2 c4 12. Re1 Nf5 13. Nf1 h5 14. Ng3 g6 15. Qe2
O-O-O 16. Bg5 Rd7 17. Qd2 Ba4 18. Kh2 Kb8 19. Rab1 Ka8 20. Re2 Rg8 21. Nh4 Nxh4
22. Bxh4 a6 23. Bg5 Qa5 24. Kg1 Bc6 25. a3 Ba4 26. Nf1 Qb5 27. Nh2 Qb3 28. Nf3
Bxa3 29. Ra1 Bf8 30. Bh6 Be7 31. Qf4 Bd8 32. Bg5 Bc7 33. Qc1 Qb5 34. Nd2 Bb3 35.
Re3 a5 36. Rf3 a4 37. Rf4 Qc6 38. Nf3 b5 39. Bh4 Ba5 40. Ng5 Rg7 41. Nf3 Rg8 42.
Bg5 Rb8 43. Nd2 b4 44. Nb1 Ra7 45. Rf3 Bb6 46. Bd2 Qb5 47. Rf4 bxc3 48. Bxc3 Qc6
49. Rf3 Qb5 50. Na3 Qc6 51. Qd2 Rab7 52. Re1 Ra7 53. Ree3 Qe8 54. Rf4 Bd8 55. h4
g5 56. Rff3 g4 57. Rf6 Bxf6 58. exf6 Qd8 59. Re5 Qxf6 60. Rxh5 g3 61. fxg3 Rg8
62. Bb4 Rxg3 63. Bc5 Ra6 64. Nb5 Qg6 65. Rh8+ Kb7 66. Kh2 Bc2 67. Nd6+ Kc6 68.
Qf2 Be4 69. Qxg3 Qxg3+ 70. Kxg3 Bg6 71. Rc8+ Kd7 72. Rb8 Rxd6 73. Bxd6 Kxd6 74.
Kf4 f6 75. Ke3 e5 76. g4 a3 77. bxa3 c3 78. Rb6+ Ke7 79. Rc6 c2 80. h5 Be4 81.
h6 Kf7 82. a4 Kg6 83. a5 Kxh6 84. a6 exd4+ 85. Kxd4 1-0

[Event "American Cont Blitz 2025"]
[Site "Foz do Iguacu BRA"]
[Date "2025.05.30"]
[Round "8.3"]
[White "Quesada Perez, Luis Ernesto"]
[Black "Salinas Herrera, Pablo"]
[Result "0-1"]
[WhiteTitle "GM"]
[BlackTitle "GM"]
[WhiteElo "2546"]
[BlackElo "2447"]
[WhiteFideId "3520773"]
[BlackFideId "3407128"]
[EventDate "2025.05.30"]

1. b3 d5 2. Bb2 Bf5 3. Nf3 e6 4. c4 c6 5. g3 h6 6. Bg2 Nf6 7. O-O Be7 8. d3 O-O
9. Nbd2 Bh7 10. Qc2 a5 11. a3 Re8 12. Rac1 Qb6 13. Bd4 Qa6 14. Qb2 c5 15. Be5
Nbd7 16. Bf4 b5 17. Ne5 Rad8 18. Nxd7 Nxd7 19. Nf3 Bf6 20. Qa2 e5 21. Be3 e4 22.
dxe4 d4 23. Bf4 bxc4 24. Rxc4 Bxe4 25. Ne1 Bf5 26. Nd3 Be6 27. Rfc1 Bxc4 28.
Rxc4 Be7 29. a4 Bf8 30. Bf3 Qb6 31. Rc2 Nf6 32. Nb2 Nd5 33. Nc4 Qa6 34. Bd2 Nb4
35. Bxb4 cxb4 36. Rd2 g6 37. Qc2 Bg7 38. Qd3 Rc8 39. Kg2 Re7 40. h4 h5 41. Rc2
Rec7 42. Bd5 Rc5 43. Qf3 Qa7 44. Be4 Qe7 45. Bd3 R5c6 46. Qd5 Rc5 47. Qf3 Bf6
48. Rc1 Kg7 49. Re1 Qe6 50. Rd1 R8c7 51. Qa8 Qd5+ 52. Qxd5 Rxd5 53. Rh1 Rdc5 54.
Rd1 Re7 55. Rd2 Be5 56. Rc2 Bc7 57. Rc1 f6 58. Rd1 Kh6 59. Rh1 f5 60. Kf3 f4 61.
gxf4 Rf7 62. e3 dxe3 63. fxe3 Rf6 64. Be4 Bd8 65. Rd1 Rf8 66. Rd6 Bf6 67. Ra6
Kg7 68. Nxa5 Rc1 69. Nc6 Rf1+ 70. Ke2 Rc1 71. Nxb4 Rg1 72. Nd5 Bxh4 73. a5 Bd8
74. b4 h4 75. Kf2 Ra1 76. Rxg6+ Kf7 77. Rh6 Kg7 78. Rh7+ Kg8 79. Rh5 Kg7 80.
Rh7+ Kg8 81. Kg2 Rf7 82. Rh5 Rg7+ 0-1

[Event "American Cont Blitz 2025"]
[Site "Foz do Iguacu BRA"]
[Date "2025.05.30"]
[Round "8.4"]
[White "Rojas Salas, Steven"]
[Black "Avila Pavas, Santiago"]
[Result "0-1"]
[WhiteTitle "IM"]
[BlackTitle "GM"]
[WhiteElo "2343"]
[BlackElo "2469"]
[WhiteFideId "3819434"]
[BlackFideId "4437128"]
[EventDate "2025.05.30"]

1. e4 Nf6 2. e5 Nd5 3. c4 Nb6 4. d4 d6 5. f4 dxe5 6. fxe5 Bf5 7. Nc3 e6 8. Be2
Bb4 9. Nf3 c5 10. Be3 Nc6 11. dxc5 Nd7 12. O-O Bxc5 13. Bxc5 Nxc5 14. Nb5 O-O
15. Nd6 Bg6 16. Kh1 Qb6 17. Qd2 Rad8 18. Rad1 Ne4 19. Qe1 Qxb2 20. Bd3 Nxd6 21.
Bxg6 fxg6 22. exd6 Rf6 23. Qe4 h6 24. Rb1 Qa3 25. Nh4 Rxf1+ 26. Rxf1 Qxd6 27.
Nxg6 Ne7 28. Nf4 e5 29. Nh5 Qg6 30. Qf3 Nf5 31. h3 Qxh5 32. Qxf5 Qxf5 33. Rxf5
Rd4 34. Rxe5 Rxc4 35. Re7 Rb4 36. Rc7 a5 37. a4 b6 38. Rb7 Kf8 39. Kh2 h5 40.
Kg3 h4+ 41. Kf3 g5 42. Ke3 Ke8 43. Ke2 Kd8 44. Ke3 Kc8 45. Rg7 Rxa4 46. Rxg5 Rb4
47. Kd3 a4 48. Kc2 b5 49. g3 hxg3 50. Rxg3 Kc7 51. Rg6 Rh4 52. Rg3 Kb6 53. Kb2
Ka5 54. Ka3 Rh6 55. Kb2 Rf6 56. h4 Rf2+ 57. Kb1 Rh2 58. Rg4 a3 59. Rg3 Ka4 60.
Ka1 Rxh4 61. Rg1 b4 62. Rc1 Rh2 63. Rg1 Rf2 64. Rh1 Rf4 65. Ka2 b3+ 66. Ka1 a2
67. Re1 Ka3 0-1

[Event "American Cont Blitz 2025"]
[Site "Foz do Iguacu BRA"]
[Date "2025.05.30"]
[Round "8.5"]
[White "Campos Gomez, Manuel"]
[Black "Garcia Pantoja, Roberto"]
[Result "0-1"]
[WhiteTitle "IM"]
[BlackTitle "GM"]
[WhiteElo "2355"]
[BlackElo "2531"]
[WhiteFideId "4444710"]
[BlackFideId "3509265"]
[EventDate "2025.05.30"]

1. Nf3 d5 2. g3 Nf6 3. Bg2 c6 4. O-O Bf5 5. c4 e6 6. Qb3 Qc8 7. d3 Be7 8. Nc3
O-O 9. Bf4 Nbd7 10. cxd5 exd5 11. Qc2 Nc5 12. Nd4 Bh3 13. b4 Bxg2 14. Kxg2 Ne6
15. Nxe6 Qxe6 16. Rab1 d4 17. Ne4 Nd5 18. Bd2 f5 19. Nc5 Qxe2 20. Kg1 Bxc5 21.
Rfe1 Qf3 22. bxc5 f4 23. Rf1 Rf7 24. Qc4 Qe2 25. Bxf4 Rxf4 26. gxf4 Qg4+ 27. Kh1
Qf3+ 28. Kg1 Kh8 0-1

[Event "American Cont Blitz 2025"]
[Site "Foz do Iguacu BRA"]
[Date "2025.05.30"]
[Round "8.6"]
[White "Tristan, Leonardo"]
[Black "Ticona Rocabado, Licael Roderick"]
[Result "0-1"]
[WhiteTitle "GM"]
[BlackTitle "IM"]
[WhiteElo "2536"]
[BlackElo "2359"]
[WhiteFideId "113816"]
[BlackFideId "3319113"]
[EventDate "2025.05.30"]

1. d4 d5 2. Nf3 e6 3. Bf4 Nf6 4. e3 Bd6 5. Bg3 O-O 6. c4 c6 7. Nc3 Qe7 8. Qc2
Nbd7 9. Bd3 b6 10. Bh4 h6 11. e4 dxc4 12. Bxc4 e5 13. d5 Bb7 14. O-O cxd5 15.
Nxd5 Bxd5 16. Bxd5 Rac8 17. Qe2 g5 18. Bg3 Nxd5 19. exd5 f5 20. h3 f4 21. Bh2 e4
22. Nd4 f3 23. Qe3 Bf4 24. Qa3 Bxh2+ 25. Kxh2 Qe5+ 26. g3 Qxd4 27. Qxa7 Rc2 28.
Kg1 Rf7 29. Rad1 Qe5 30. Qa4 Rxb2 31. Rfe1 Re2 32. Qb3 e3 0-1

[Event "American Cont Blitz 2025"]
[Site "Foz do Iguacu BRA"]
[Date "2025.05.30"]
[Round "8.7"]
[White "Reyes Zavaleta, Fabian Ricardo"]
[Black "Perez Gormaz, Matias"]
[Result "0-1"]
[WhiteTitle "FM"]
[BlackTitle "IM"]
[WhiteElo "2299"]
[BlackElo "2408"]
[WhiteFideId "3844153"]
[BlackFideId "3406342"]
[EventDate "2025.05.30"]

1. d4 Nf6 2. c4 e6 3. g3 d5 4. Nf3 h6 5. Bg2 Bd6 6. O-O O-O 7. Qc2 b6 8. Nc3 Bb7
9. b3 a6 10. Bb2 Nbd7 11. Rfd1 Rc8 12. h3 Qe7 13. e3 Rfd8 14. Qe2 c5 15. dxc5
bxc5 16. cxd5 exd5 17. Nh4 Qe6 18. Qf3 Ne5 19. Qf5 Bb8 20. Na4 g5 21. Qxe6 fxe6
22. Ng6 Nxg6 23. Bxf6 Rf8 24. Bb2 c4 25. Rac1 Ne5 26. Ba3 Rfe8 27. bxc4 Nxc4 28.
Bb4 Bc6 29. Nc5 Bb5 30. a4 Bc6 31. e4 a5 32. exd5 Bxd5 33. Ba3 0-1

[Event "American Cont Blitz 2025"]
[Site "Foz do Iguacu BRA"]
[Date "2025.05.30"]
[Round "8.8"]
[White "Becker, Rogerio Sperb"]
[Black "Baules Rodriguez, Jorge Luis"]
[Result "0-1"]
[BlackTitle "IM"]
[WhiteElo "2111"]
[BlackElo "2257"]
[WhiteFideId "22767797"]
[BlackFideId "6600247"]
[EventDate "2025.05.30"]

1. c4 Nf6 2. g3 c5 3. Bg2 g6 4. Nc3 Bg7 5. Nf3 O-O 6. O-O Nc6 7. d4 cxd4 8. Nxd4
Qa5 9. Nc2 d6 10. Bd2 Qh5 11. e4 Ng4 12. h3 Nge5 13. Qxh5 gxh5 14. b3 Bxh3 15.
Rac1 Bg4 16. f3 Bd7 17. Nd5 f5 18. exf5 Bxf5 19. f4 Nd3 20. Rcd1 Bg4 21. Bf3
Rac8 22. Nce3 Bxf3 23. Rxf3 e6 24. Bc3 Nde5 25. Rff1 exd5 26. fxe5 Rxf1+ 27.
Kxf1 dxc4 28. Nxc4 dxe5 29. Rd7 Rf8+ 30. Kg2 Rf7 31. Rd5 Re7 32. Kf3 e4+ 0-1

[Event "American Cont Blitz 2025"]
[Site "Foz do Iguacu BRA"]
[Date "2025.05.30"]
[Round "8.9"]
[White "Muniz, Francisco Allysson da S."]
[Black "Liascovich, Lucas"]
[Result "0-1"]
[BlackTitle "IM"]
[WhiteElo "2197"]
[BlackElo "2417"]
[WhiteFideId "2184753"]
[BlackFideId "108634"]
[EventDate "2025.05.30"]

1. d4 d5 2. c4 Nc6 3. Nf3 Bg4 4. cxd5 Bxf3 5. gxf3 Qxd5 6. e3 e5 7. Nc3 Bb4 8.
Bd2 Bxc3 9. bxc3 Nf6 10. c4 Qd6 11. d5 Nb8 12. Rb1 Nbd7 13. Rxb7 Nc5 14. Rb1 O-O
15. Be2 Nfd7 16. O-O f5 17. f4 exf4 18. exf4 Rf6 19. Kh1 Ne4 20. Rb3 Nxd2 21.
Qxd2 Nc5 22. Rb2 Re8 23. f3 Rh6 24. Rf2 Rh4 25. Rg2 Rxf4 26. Rb5 Nd7 27. c5 Qe5
28. c6 Nb6 29. Qa5 Ra4 30. Qd2 Rd4 31. Qg5 g6 32. h4 Qf4 33. Qxf4 Rxf4 34. h5
Rh4+ 35. Kg1 Rxh5 36. a4 Rh4 37. a5 Nc8 38. Rb7 Ne7 39. Rxc7 Nxd5 40. Rb7 Rc8
41. Bb5 0-1

[Event "American Cont Blitz 2025"]
[Site "Foz do Iguacu BRA"]
[Date "2025.05.30"]
[Round "8.10"]
[White "Dauer, Andre Leonardo"]
[Black "Hungaski, Robert"]
[Result "0-1"]
[WhiteTitle "CM"]
[BlackTitle "GM"]
[WhiteElo "2138"]
[BlackElo "2477"]
[WhiteFideId "2126915"]
[BlackFideId "2021030"]
[EventDate "2025.05.30"]

1. e4 e6 2. b3 d5 3. Bb2 Nf6 4. e5 Ng8 5. f4 b6 6. Nf3 Ne7 7. Nc3 Qd7 8. Bd3 Ba6
9. Bxa6 Nxa6 10. O-O h5 11. Ne2 Nf5 12. Kh1 c5 13. Ng3 Nxg3+ 14. hxg3 g6 15. Qe2
Nb4 16. d3 d4 17. a4 Be7 18. a5 b5 19. Nd2 Nd5 20. Rf3 a6 21. Ne4 Rc8 22. c4
dxc3 23. Nxc3 Nxc3 24. Bxc3 Qd5 25. Qc2 h4 26. gxh4 Rxh4+ 27. Kg1 Kd7 28. Rd1
Rch8 29. Kf2 Rh1 30. Rxh1 Rxh1 31. Rh3 Bh4+ 32. Rxh4 Rxh4 33. Be1 Rxf4+ 34. Ke3 0-1